000 01496nam0a2200325 4500
001 RU\NLR\BIBL_A\011449178
005 20240921141720.0
010 _a9785981567490
021 _aRU
_b2017-51077
_93665
035 _a(RuMoRGB)008934916
035 _a(NLR Aleph) 011449178
090 _a11744279
_c11744279
100 _a20170804d2016 u y0rusy50 ca
101 0 _arus
102 _aRU
105 _aa zzzz||||1yy
200 1 _aПолитика и власть: социальные и институциональные характеристики (в схемах, графиках и таблицах)
_eучебное пособие
_fН. Н. Денисенкова
210 _aСмоленск
_cМаджента
_d2016
215 _a154 с.
_cил.
_d21
300 _aНа обороте тит. л. авт.: Денисенкова Н. Н., к. полит. н., доц.
320 _aБиблиогр.: с. 154 (21 назв.)
606 1 _aПолитическая власть
_jУчебные издания для высших учебных заведений
_91250566
_3RU\NLR\AUTH\66194925
606 1 _aПолитика
_jУчебные издания для высших учебных заведений
_91273659
_3RU\NLR\AUTH\66206728
686 1 _aФ011.31я73
686 1 _aФ2я73
700 1 _aДенисенкова
_bН. Н.
_gНаталья Николаевна
942 _cBOOK
980 _aNBR